Consumer Protection Act (Record no. 28531)
[ view plain ]
| 000 -LEADER | |
|---|---|
| fixed length control field | 00208nam a2200085Ia 4500 |
| 008 - FIXED-LENGTH DATA ELEMENTS--GENERAL INFORMATION | |
| fixed length control field | 170620s9999 xx 000 0 und d |
| 100 ## - MAIN ENTRY--PERSONAL NAME | |
| Personal name | Srivastava - S. |
| 245 #0 - TITLE STATEMENT | |
| Title | Consumer Protection Act |
| 260 ## - PUBLICATION, DISTRIBUTION, ETC. | |
| Name of publisher, distributor, etc. | Central Law Agency |
| 260 ## - PUBLICATION, DISTRIBUTION, ETC. | |
| Date of publication, distribution, etc. | 2000 |
| Withdrawn status | Lost status | Source of classification or shelving scheme | Damaged status | Not for loan | Home library | Current library | Date acquired | Barcode | Date last seen | Price effective from | Koha item type | Total Checkouts | Date last checked out |
|---|---|---|---|---|---|---|---|---|---|---|---|---|---|
| IIMT University College of Law | IIMT University College of Law | 06/29/2017 | 04-B-588 | 06/29/2017 | 06/29/2017 | Text-Book- for 7 days | |||||||
| IIMT University College of Law | IIMT University College of Law | 06/29/2017 | 04-B-589 | 08/27/2018 | 06/29/2017 | Text-Book- for 7 days | 1 | 08/20/2018 | |||||
| IIMT University College of Law | IIMT University College of Law | 06/29/2017 | 04-B-590 | 06/29/2017 | 06/29/2017 | Text-Book- for 7 days | |||||||
| IIMT University College of Law | IIMT University College of Law | 06/29/2017 | 04-B-591 | 06/29/2017 | 06/29/2017 | Text-Book- for 7 days | |||||||
| IIMT University College of Law | IIMT University College of Law | 06/29/2017 | 04-B-592 | 10/25/2023 | 06/29/2017 | Text-Book- for 7 days | 1 | 10/25/2023 |

